00700nam a2200181 a 450000100100000000500170001000800410002702000180006804000250008610000430011124500580015426000480021230000210026050000550028150000570033695201100039399900150050300000496720200929151539.0090728s2008 cr 001 0 spa d a9789968958714 aDO-SdBNPbspacBNPHU1 aMiranda Hervira, Alicia,d1952-91433910aJaque mate en el paralelo 14 /cAlicia Miranda Hevia. aSan José, Costa Rica :bMontemira,c2008. a225 p. ;c22 cm. aIncluye datos biográficos del autor en la solapa aIncluye cronología de vida de diferentes personaje 001052708MOaGRbGRcCTd2009-07-28iLF1l0o p4967-10r2020-06-25w2020-06-25y2ZPréstamo interno c4773d4773